000 00901cam a2200265 a 4500
001 000013458
003 UkOxU
005 20200929163232.0
008 760401s1974 sp b 001 0 spa
020 _a8432505048
040 _aDO-SdBNP
_bspa
_cDLC
_dBNPHU
082 _a335.82
_bI24s
100 1 _aIglesias Selgas, Carlos,
_d1920-
_930741
245 1 3 _aEl sindicalismo español /
_cCarlos Iglesias Selgas.
260 _aMadrid, (España) :
_bDoncel,
_c1974.
300 _a394 p. ;
_c18 cm.
490 1 _aLibro Joven de Bolsillo,
_v62
500 _aIncluye notas biográficas del autor.
504 _aIncluye referencias bibliográficas p. [355-360]
650 4 _aSindicatos de trabajadores
_zEspaña
_xHistoria
_930742
650 4 _aTrabajo y trabajadores
_zEspaña
_xHistoria
_930743
830 0 _aLibro Joven de Bolsillo,
_v62
_913001
910 _aCatalogación por copia/OXFORD
049 _aBNGR
999 _c13083
_d13083